00861cam a22002531 4500001001300000003000400013005001700017008004100034010001700075035001900092040002000111042001200131050002200143082002000165100002700185245007300212260004900285300006000334440002900394504008300423600006200506651002200568999001700590sa 68012840 DLC20260227112616.0760211s1967 nyuabce b 001 0 eng  asa 68012840  a(OCoLC)1983780 aDLCcFJUNFdDLC apremarc00aDS486.G6bS5 1967 a954/.84/02509241 aSherwani, Haroon Khan.10aMuhammad-Quli Qutb Shah, founder of Haidarabadc[by] H. K. Sherwani. aBombayaNew York,bAsia Pub. House,c[c1967] axii, 150 p.billus., plans (part fold.), ports.c22 cm. 0aAsia monographs,vno. 11 aBibliographical references included in the list of abbreviations: p. [xi]-xii.00aMuhammad Quli Qutb Shah,cSultan of Golkunda,d1565-1612. 0aHyderabad (India) c84777d84777